| 000 | 00544nam a2200205Ia 4500 | ||
|---|---|---|---|
| 005 | 20260429112121.0 | ||
| 008 | 260429s9999||||xx |||||||||||||| ||und|| | ||
| 020 | _a9789373329680 | ||
| 041 | _aEnglish | ||
| 082 |
_a621.042 _bDAY |
||
| 100 | _aDayal, Anurodh M. | ||
| 245 | 0 |
_aAlternative and unconventional energy sources / _cAnurodh M. Dayal |
|
| 250 | _a1st ed. | ||
| 260 |
_aNew Delhi : _bWiley, _c2026. |
||
| 300 | _axv, 246 p.; pbk | ||
| 650 | _a Biofuel | ||
| 650 | _a Unconventional | ||
| 650 | _aEnergy sources | ||
| 942 | _cTB | ||
| 999 |
_c52439 _d52439 |
||